Linear algebra (Record no. 4142)

MARC details
000 -LEADER
fixed length control field 00458 a2200181 4500
000 - LEADER
fixed length control field BKB
001 - CONTROL NUMBER
control field 070714
005 - DATE AND TIME OF LATEST TRANSACTION
control field 20200902150855.0
008 - FIXED-LENGTH DATA ELEMENTS--GENERAL INFORMATION
fixed length control field
082 ## - DEWEY DECIMAL CLASSIFICATION NUMBER
Classification number 512.5
Item number W67L
100 1# - MAIN ENTRY--PERSONAL NAME
Personal name Williams, Gareth
245 1# - TITLE STATEMENT
Title Linear algebra
Statement of responsibility, etc by Gareth Williams
250 ## - EDITION STATEMENT
Edition statement 7th ed.
260 ## - PUBLICATION, DISTRIBUTION, ETC. (IMPRINT)
Place of publication, distribution, etc Boston
Name of publisher, distributor, etc Jones and Bartlett
Date of publication, distribution, etc 2011
300 ## - PHYSICAL DESCRIPTION
Extent 554p.
690 ## - LOCAL SUBJECT ADDED ENTRY--TOPICAL TERM (OCLC, RLIN)
Topical term or geographic name as entry element Algebra, Linear
964 ## -
--
-- ENG
--
--
--
--
--
Holdings
Withdrawn status Lost status Damaged status Not for loan Home library Current library Date acquired Cost, normal purchase price Total Checkouts Full call number Barcode Date last seen Date checked out Price effective from Koha item type
        Central University Of Rajasthan Central University Of Rajasthan 07/03/2012 2804.88 7 512.5 W67L 5001 21/11/2024 18/07/2024 02/09/2020 Books